Goddard and Another v Nationwide Building Society (Record no. 1400)
[ view plain ]
| 000 -LEADER | |
|---|---|
| fixed length control field | 01496cab a2200217 4500 |
| 001 - CONTROL NUMBER | |
| control field | ABS37102 |
| 008 - FIXED-LENGTH DATA ELEMENTS--GENERAL INFORMATION | |
| fixed length control field | 090401t1986 xxu||||| |||| 00| 0 eng d |
| 035 ## - SYSTEM CONTROL NUMBER | |
| System control number | (Sirsi) u2315 |
| 041 ## - LANGUAGE CODE | |
| Language code of text/sound track or separate title | eng |
| 245 ## - TITLE STATEMENT | |
| Title | Goddard and Another v Nationwide Building Society |
| 260 ## - PUBLICATION, DISTRIBUTION, ETC. | |
| Date of publication, distribution, etc. | 1986 |
| 350 ## - PRICE (NR) (BK AM CF MU VM SE) [OBSOLETE] | |
| Price | 0 |
| 490 ## - SERIES STATEMENT | |
| Series statement | Weekly Law Reports |
| Volume/sequential designation | (1986) 3 WLR 734(13) |
| 520 ## - SUMMARY, ETC. | |
| Summary, etc. | CA 27 June 1986. G`s appeal from decision refusing application to strike out passages from the defence to their action against building society (B) on the ground that they were privileged. G had purchased a house with the aid of a mortgage from B. G`s solicitor was also acting for B in connection with the mortgage . G issued a writ against B claiming damages for a negligent survey report. Having been informed of proceedings, the solicitor sent a copy of a note recording information received from the local Nationwide manager and certain conversations held with G. B pleaded this note in its defence. G contended that the contents of the note were confidential and privileged and sought an injunction restraining B from using, or relying on the note and requiring it to deliver up the document and any copies. The previous judge had held that once a copy of the note had come into the defendant`s possession, it was entitled to use it in any way it wished, regardless of any legal professional |
| 650 ## - SUBJECT ADDED ENTRY--TOPICAL TERM | |
| Topical term or geographic name entry element | EVIDENCE |
| 650 ## - SUBJECT ADDED ENTRY--TOPICAL TERM | |
| Topical term or geographic name entry element | NEGLIGENCE |
| 650 ## - SUBJECT ADDED ENTRY--TOPICAL TERM | |
| Topical term or geographic name entry element | PRIVILEGE |
| 690 ## - LOCAL SUBJECT ADDED ENTRY--TOPICAL TERM (OCLC, RLIN) | |
| Topical term or geographic name as entry element | LAW |
| 942 ## - ADDED ENTRY ELEMENTS (KOHA) | |
| Suppress in OPAC | 0 |
| 948 ## - LOCAL PROCESSING INFORMATION (OCLC); SERIES PART DESIGNATOR (RLIN) | |
| c (OCLC) | 04/03/1997 |
| Withdrawn status | Lost status | Source of classification or shelving scheme | Damaged status | Not for loan | Home library | Current library | Shelving location | Date acquired | Total Checkouts | Full call number | Barcode | Date last seen | Copy number | Price effective from | Koha item type |
|---|---|---|---|---|---|---|---|---|---|---|---|---|---|---|---|
| Dewey Decimal Classification | London | London | Journal article | 14/09/1999 | ABS37102 | 2315-1001 | 06/08/2019 | 1 | 06/08/2019 | Law report |